| 000 | 01362nam0a22002531 4500 | ||
|---|---|---|---|
| 001 | rc\2246097 | ||
| 005 | 20110829182032.7 | ||
| 035 | _a(NLR Aleph) 006498217 | ||
| 090 |
_a6203668 _c6203668 |
||
| 100 | _a20110829d1979 |||y0rusy50 ca | ||
| 101 | 0 | _arus | |
| 102 | _aRU | ||
| 105 | _ay j ||||| | ||
| 200 | 1 |
_aВходной, текущий и выходной контроль в учебных группах руководящих работников и специалистов технологических служб судостроительных предприятий _eМетод. разраб. _fИн-т повышения квалификации руководящих работников и специалистов судостроит. пром-сти _g[К. т. н., доц. А.М. Бреев] |
|
| 210 |
_aЛенинград _cИПКСП _d1979 |
||
| 215 |
_a33 с. _d20 |
||
| 320 | _aБиблиогр.: с. 32 | ||
| 702 | 1 |
_aБреев _bА. М. _gАлександр Михайлович _4220 |
|
| 712 | 0 | 2 |
_aИнститут повышения квалификации руководящих работников и специалистов судостроительной промышленности _cЛенинград |
| 801 | 0 |
_aRU _bNLR _gpsbo |
|
| 801 | 1 |
_aRU _bELAR _2rusmarc |
|
| 852 |
_aNLR _j80-4/653 |
||
| 942 | _cBOOK | ||
| 980 | _aNB | ||